| 000 | 00894nam a2200241Ia 4500 | ||
|---|---|---|---|
| 001 | 19422 | ||
| 003 | GE_BSU | ||
| 008 | 181216s||||||||xx |||||||||||||| ||und|| | ||
| 020 | _aISSN 0134-4943 | ||
| 040 | _cGE_BSU | ||
| 080 | _a81'(063) | ||
| 245 | _aიბერიულ-კავკასიური ენათმეცნიერება XXIII= иберийско-кавказкое языкознание=IVERO-CAUCASIA | ||
| 245 | _cმთ.რედ:ქ.ლომთათიძე, | ||
| 260 | _aთბილისი | ||
| 260 | _bმეცნიერება | ||
| 260 | _c1985 | ||
| 300 | _a329გვ;24სმ. | ||
| 541 | _h7ლ. | ||
| 653 | _aენათმეცნიერება | ||
| 653 | _aიბერიულ-კავკასიური ენათმეცნიერება XXIII | ||
| 653 | _aქართული ენა | ||
| 942 | _cBK | ||
| 999 |
_c52402 _d52402 |
||